[Event "Wijk aan Zee 71/(39)"]
[Site "?"]
[Date "1998.??.??"]
[Round "?"]
[White "Kramnik, Vladimir"]
[Black "Topalov, Veselin"]
[Result "1/2-1/2"]
[WhiteElo "2790"]
[BlackElo "2740"]
[PlyCount "49"]
[EventDate "1998.??.??"]
[Source "ChessBase"]
[SourceDate "1997.10.01"]

1. Nf3 Nf6 2. c4 c5 3. Nc3 d5 4. cxd5 Nxd5 5. d4 Nxc3 6. bxc3 g6 7. e3 Bg7 8. Bd3 O-O 9. O-O Qc7 10. Qe2 Rd8 11. Rd1 b6 12. Bb2 Nc6 13. Rac1 Bb7 14. e4 e6 15. h4 Rac8 16. h5 Qf4 17. hxg6 hxg6 18. Bb1 Na5 19. Re1 Qg4 20. Rcd1 cxd4 21. cxd4 Nc4 22. Bc1 b5 23. g3 Re8 24. Kg2 f5 25. Ng5 1/2-1/2

[Event "Tilburg"]
[Site "?"]
[Date "1997.??.??"]
[Round "?"]
[White "Lautier, J."]
[Black "Kasparov, Garry"]
[Result "1/2-1/2"]
[WhiteElo "2660"]
[BlackElo "2820"]
[PlyCount "39"]
[EventDate "1997.??.??"]
[Source "ChessBase"]
[SourceDate "1997.06.01"]

1. Nf3 c5 2. c4 Nf6 3. Nc3 d5 4. cxd5 Nxd5 5. e4 Nb4 6. Bb5+ N8c6 7. d4 cxd4 8. a3 dxc3 9. Qxd8+ Kxd8 10. axb4 cxb2 11. Bxb2 e6 12. O-O Bd7 13. Bxc6 Bxc6 14. Ne5 Ke8 15. Nxc6 bxc6 16. Ra4 f6 17. Rfa1 Kf7 18. Rxa7+ Rxa7 19. Rxa7+ Be7 20. Rc7 1/2-1/2

[Event "Amber-blind 7th"]
[Site "Monte Carlo"]
[Date "1998.03.20"]
[Round "7"]
[White "Karpov, Anatoly"]
[Black "Topalov, Veselin"]
[Result "1-0"]
[WhiteElo "2735"]
[BlackElo "2740"]
[PlyCount "109"]
[EventDate "1998.03.13"]
[Source "ChessBase"]
[SourceDate "1998.04.29"]

1. Nf3 c5 2. c4 Nf6 3. Nc3 d5 4. cxd5 Nxd5 5. d4 Nxc3 6. bxc3 g6 7. e3 Bg7 8. Bb5+ Bd7 9. Qb3 O-O 10. O-O Qc7 11. Ba3 Be6 12. d5 Bg4 13. Be2 Nd7 14. h3 Bxf3 15. Bxf3 Rab8 16. Bb2 b5 17. Rfd1 c4 18. Qc2 Nc5 19. Ba3 a5 20. Rab1 Rfd8 21. Bxc5 Qxc5 22. Rdc1 Qa3 23. h4 h5 24. g3 Rdc8 25. g4 hxg4 26. Bxg4 Rd8 27. Bf3 Rb6 28. Kg2 Kf8 29. Kh3 Rc8 30. h5 gxh5 31. Qf5 Rd8 32. Rc2 Rf6 33. Qe4 Qc5 34. Rd1 Qc8+ 35. Kg2 Rg6+ 36. Kf1 Qd7 37. Ke2 Rg5 38. a4 bxa4 39. Qxc4 Rc8 40. Qd3 a3 41. c4 Qa4 42. Rdd2 Bb2 43. d6 exd6 44. Qxd6+ Kg8 45. Qf4 Rg7 46. Bd5 Rf8 47. c5 Qxf4 48. exf4 a2 49. Bxa2 Bf6 50. c6 Re8+ 51. Kf3 h4 52. c7 Rc8 53. Rd6 Be7 54. Rb6 Kh8 55. Rcc6 1-0

[Event "WM Sevilla (23)"]
[Site "WM Sevilla (23)"]
[Date "1987.??.??"]
[Round "?"]
[White "Karpov, Anatoly"]
[Black "Kasparov, Gary"]
[Result "1-0"]
[WhiteElo "2710"]
[BlackElo "2735"]
[PlyCount "115"]
[EventDate "1987.??.??"]
[Source "www.chesslib.no"]
[SourceDate "2004.05.04"]

1. c4 c5 2. Nf3 Nf6 3. Nc3 d5 4. cxd5 Nxd5 5. d4 Nxc3 6. bxc3 g6 7. e3 Bg7 8. Bd3 O-O 9. O-O Qc7 10. Rb1 b6 11. Qe2 Rd8 12. Be4 Ba6 13. c4 Nc6 14. d5 f5 15. Bd3 e5 16. e4 Nd4 17. Nxd4 cxd4 18. Bg5 Rf8 19. Rfc1 Rac8 20. Bd2 Rf7 21. a4 fxe4 22. Qxe4 Rcf8 23. f3 Bc8 24. a5 Bf5 25. Qe2 Re8 26. Be4 Bf8 27. Qd3 Bc5 28. Ra1 Qd7 29. Re1 Qc8 30. Kh1 Rc7 31. Rab1 Kg7 32. Rec1 Bxe4 33. fxe4 Rf7 34. Qg3 bxa5 35. Bxa5 Rf4 36. Re1 Qa6 37. Bd2 Rf7 38. Qd3 Ref8 39. h3 Rf2 40. Ra1 Qf6 41. Rg1 h5 42. Ra5 Qe7 43. Rb1 h4 44. Ra6 R8f7 45. Rc6 Qf8 46. Rg1 Be7 47. Re6 Kh7 48. Be1 Rf1 49. Bd2 Bc5 50. Rc6 R7f3 51. gxf3 Rxf3 52. Rc7+ Kh8 53. Bh6 Rxd3 54. Bxf8 Rxh3+ 55. Kg2 Rg3+ 56. Kh2 Rxg1 57. Bxc5 d3 58. Be3 1-0

[Event "SU"]
[Site "?"]
[Date "1986.??.??"]
[Round "?"]
[White "Kasparov, Gary"]
[Black "Shirov, Alexei D"]
[Result "1/2-1/2"]
[WhiteElo "2720"]
[BlackElo "2700"]
[PlyCount "88"]
[EventDate "1986.??.??"]
[Source "www.chesslib.no"]
[SourceDate "2004.05.04"]

1. c4 Nf6 2. Nc3 c5 3. Nf3 d5 4. cxd5 Nxd5 5. e4 Nb4 6. Bc4 Nd3+ 7. Ke2 Nf4+ 8. Kf1 Ne6 9. b4 g6 10. bxc5 Bg7 11. Bxe6 Bxe6 12. d4 Nc6 13. Be3 Bc4+ 14. Kg1 Qa5 15. Qd2 O-O-O 16. Rc1 f5 17. e5 Rd7 18. h4 Rhd8 19. Rh3 Be6 20. Ne2 Qxa2 21. Qxa2 Bxa2 22. h5 e6 23. hxg6 hxg6 24. Rg3 Bd5 25. Rxg6 Bh8 26. Ng5 Ne7 27. Rh6 Bg7 28. Rh7 Ng6 29. Nc3 Bc4 30. Na4 Bd5 31. c6 bxc6 32. Nc5 Nf8 33. Rh3 Re7 34. Bd2 Rde8 35. Rb1 Nd7 36. Bb4 Nxc5 37. Bxc5 Rc7 38. Rh7 Rg8 39. Bd6 Rb7 40. Rxb7 Kxb7 41. Bc5 Ka6 42. f4 Kb5 43. Nf7 Bf8 44. Nd6+ Ka4 1/2-1/2

[Event "Amber-blind 8th"]
[Site "Monte Carlo"]
[Date "1999.03.21"]
[Round "5"]
[White "Anand, Viswanathan"]
[Black "Van Wely, Loek"]
[Result "1/2-1/2"]
[WhiteElo "2781"]
[BlackElo "2632"]
[PlyCount "55"]
[EventDate "1999.03.16"]
[Source "ChessBase"]
[SourceDate "1999.05.10"]

1. Nf3 Nf6 2. c4 c5 3. Nc3 d5 4. cxd5 Nxd5 5. g3 Nc6 6. Bg2 Nc7 7. d3 e5 8. Nd2 Bd7 9. Nc4 Be7 10. f4 exf4 11. Bxf4 O-O 12. O-O Ne6 13. Be3 Ned4 14. Bf2 Bg4 15. Ne3 Be6 16. Ned5 Bd6 17. e3 Nf5 18. a3 Re8 19. Rc1 Rc8 20. Kh1 b6 21. Qa4 Bd7 22. Qd1 Bf8 23. d4 Nce7 24. dxc5 Nxd5 25. Nxd5 Bxc5 26. e4 Bxf2 27. Rxc8 Bxc8 28. exf5 1/2-1/2

[Event "Amsterdam"]
[Site "?"]
[Date "1996.??.??"]
[Round "?"]
[White "Salov, Va"]
[Black "Ivanchuk, V."]
[Result "1/2-1/2"]
[WhiteElo "2675"]
[BlackElo "2730"]
[PlyCount "40"]
[EventDate "1996.??.??"]
[Source "ChessBase"]
[SourceDate "1996.06.01"]

1. Nf3 Nf6 2. c4 c5 3. Nc3 d5 4. cxd5 Nxd5 5. d4 Nxc3 6. bxc3 g6 7. e3 Bg7 8. Bd3 O-O 9. O-O Qc7 10. a4 Nc6 11. Ba3 b6 12. dxc5 bxc5 13. Rb1 Rb8 14. Rxb8 Nxb8 15. Qb3 Be6 16. Bc4 Bxc4 17. Qxc4 Nd7 18. Rd1 Nb6 19. Qxc5 Qxc5 20. Bxc5 Nxa4 1/2-1/2

[Event "Dortmund"]
[Site "?"]
[Date "2000.??.??"]
[Round "?"]
[White "Piket, Je"]
[Black "Leko, P."]
[Result "1/2-1/2"]
[WhiteElo "2645"]
[BlackElo "2740"]
[PlyCount "90"]
[EventDate "2000.??.??"]
[Source "Chess Informant"]
[SourceDate "2000.06.01"]

1. Nf3 Nf6 2. c4 c5 3. Nc3 d5 4. cxd5 Nxd5 5. e4 Nb4 6. Bb5+ N8c6 7. a3 Nd3+ 8. Ke2 Nf4+ 9. Kf1 Ne6 10. d3 g6 11. h4 Bg7 12. h5 O-O 13. hxg6 hxg6 14. Bc4 Ned4 15. Nxd4 cxd4 16. Nd5 e6 17. Nf4 Ne5 18. Ba2 b6 19. Rh3 a5 20. Bd2 Re8 21. Rc1 Ba6 22. Bb1 Qd7 23. Ne2 Rac8 24. Rxc8 Rxc8 25. Qb3 Qc6 26. Kg1 Nd7 27. Qd1 Nc5 28. Nf4 Bb5 29. Ba2 Nd7 30. Qg4 Nf8 31. Rg3 Qd6 32. Nh5 Rc2 33. Bf4 e5 34. Bg5 gxh5 35. Qf5 Rc7 36. Bf6 Ne6 37. Bxe5 Qe7 38. Bxc7 Nxc7 39. Qxh5 Be8 40. f4 Qf6 41. Rg5 Qxf4 42. Qg6 Qc1+ 43. Kh2 Qf4+ 44. Kg1 Qc1+ 45. Kh2 Qf4+ 1/2-1/2

[Event "13. CC World Ch Final 8998"]
[Site "13. CC World Ch Final 8998"]
[Date "1989.??.??"]
[Round "?"]
[White "Bang, Erik B.H"]
[Black "Santos, Luis MC"]
[Result "1-0"]
[WhiteElo "2680"]
[BlackElo "2675"]
[PlyCount "75"]
[EventDate "1989.??.??"]
[Source "www.chesslib.no"]
[SourceDate "2004.05.04"]

1. Nf3 c5 2. c4 Nf6 3. Nc3 d5 4. cxd5 Nxd5 5. g3 Nc6 6. Bg2 Nc7 7. O-O g6 8. Na4 e5 9. b3 Ne6 10. Bb2 Bg7 11. Rc1 Qd6 12. Nxc5 Nxc5 13. Ba3 b6 14. b4 Nd7 15. Ng5 Bb7 16. b5 Qxa3 17. bxc6 Bxc6 18. Bxc6 Rd8 19. Rc3 Qb4 20. Rd3 Qg4 21. f4 h6 22. h3 Qf5 23. e4 Qf6 24. Bxd7+ Rxd7 25. Qa4 b5 26. Qxb5 Qb6+ 27. Qxb6 axb6 28. Rxd7 Kxd7 29. Nxf7 Ra8 30. Nxe5+ Bxe5 31. fxe5 Rxa2 32. Rf6 b5 33. Rd6+ Kc7 34. Kf2 b4 35. Rd4 b3 36. e6 b2 37. e7 Ra8 38. Rb4 1-0

[Event "Batumi"]
[Site "?"]
[Date "1999.??.??"]
[Round "?"]
[White "Lautier, J."]
[Black "Leko, P."]
[Result "1/2-1/2"]
[WhiteElo "2635"]
[BlackElo "2700"]
[PlyCount "52"]
[EventDate "1999.??.??"]
[Source "Chess Informant"]
[SourceDate "1999.10.01"]

1. c4 c5 2. Nf3 Nf6 3. Nc3 d5 4. cxd5 Nxd5 5. g3 Nc6 6. Bg2 Nc7 7. O-O e5 8. d3 Be7 9. Nd2 Bd7 10. Nc4 f6 11. f4 b5 12. Ne3 Rc8 13. a4 b4 14. Nb5 exf4 15. Nc4 Nxb5 16. axb5 Nd4 17. Rxa7 Bg4 18. Rf2 O-O 19. b6 fxg3 20. hxg3 g5 21. Qf1 Nb5 22. Ra6 Rb8 23. b7 Nd4 24. Be3 Qc7 25. Bxd4 cxd4 26. Bd5+ Kg7 1/2-1/2

[Event "Monaco"]
[Site "Monaco MNC"]
[Date "1993.??.??"]
[Round "?"]
[White "Christiansen, Larry M"]
[Black "Ivanchuk, Vassily"]
[Result "1/2-1/2"]
[WhiteElo "2620"]
[BlackElo "2710"]
[PlyCount "71"]
[EventDate "1993.??.??"]
[Source "www.chesslib.no"]
[SourceDate "2004.05.04"]

1. c4 c5 2. Nf3 Nf6 3. Nc3 d5 4. cxd5 Nxd5 5. e4 Nb4 6. Bb5+ N8c6 7. d4 cxd4 8. a3 Bd7 9. axb4 dxc3 10. bxc3 g6 11. O-O Bg7 12. Bf4 O-O 13. Rc1 a5 14. h3 Be6 15. Qxd8 Rfxd8 16. Bxc6 bxc6 17. bxa5 Rdc8 18. Rfd1 c5 19. Ng5 Bc4 20. Rd7 e5 21. Be3 h6 22. Nf3 Be6 23. Rb7 Rxa5 24. Rcb1 Ra4 25. Rb8 Rxb8 26. Rxb8+ Kh7 27. Nd2 c4 28. Rb5 Ra3 29. Nf3 Rxc3 30. Nxe5 Rb3 31. Rc5 c3 32. Bd4 g5 33. Nf3 Rb4 34. Bxc3 Bxc3 35. Rxc3 Rxe4 36. Nd4 1/2-1/2

[Event "Wijk aan Zee NED, Corus A 2006"]
[Site "?"]
[Date "2006.01.19"]
[Round "5"]
[White "Navara David"]
[Black "Naiditsch Arkadij"]
[Result "1/2-1/2"]
[WhiteElo "2660"]
[BlackElo "2657"]
[PlyCount "74"]
[EventDate "2006.??.??"]
[Source "www.chesslib.no"]
[SourceDate "2004.05.04"]

1. Nf3 Nf6 2. c4 c5 3. Nc3 d5 4. cxd5 Nxd5 5. e4 Nb4 6. Bc4 Nd3+ 7. Ke2 Nf4+ 8. Kf1 Ne6 9. b4 g6 10. bxc5 Bg7 11. Bxe6 Bxe6 12. d4 Bg4 13. Rb1 Nc6 14. Rxb7 Bxf3 15. Qxf3 Qxd4 16. Bb2 Qc4+ 17. Qe2 Qxe2+ 18. Kxe2 O-O-O 19. Nd5 Kxb7 20. Bxg7 Rhg8 21. Rb1+ Kc8 22. Bc3 Rd7 23. Rb3 f5 24. f3 fxe4 25. fxe4 Rb7 26. Ra3 Kd7 27. Ra6 Rc8 28. Kd3 Rb1 29. Kc4 Rg1 30. e5 e6 31. Nb4 Rxg2 32. h3 Rg3 33. Nxc6 Rxc6 34. Rxa7+ Rc7 35. Ra6 Rc6 36. Ra7+ Rc7 37. Ra6 Rc6 1/2-1/2

[Event "Ergun"]
[Site "?"]
[Date "2006.08.11"]
[Round "2"]
[White "Zhang Zhong"]
[Black "Najer Evgeniy"]
[Result "0-1"]
[WhiteElo "2639"]
[BlackElo "2677"]
[PlyCount "106"]
[EventDate "2006.??.??"]
[Source "www.chesslib.no"]
[SourceDate "2004.05.04"]

1. Nf3 c5 2. c4 Nf6 3. Nc3 d5 4. cxd5 Nxd5 5. d4 Nxc3 6. bxc3 g6 7. e3 Bg7 8. Bb5+ Nd7 9. O-O O-O 10. a4 a6 11. Bd3 b6 12. Rb1 e5 13. Ba3 Bb7 14. e4 exd4 15. cxd4 Rc8 16. d5 Re8 17. Qb3 c4 18. Bxc4 Rxe4 19. Rfc1 Rcxc4 20. Rxc4 Bxd5 21. Rxe4 Bxb3 22. Rxb3 Ne5 23. Re1 Nc4 24. h4 h6 25. Bb4 Qd7 26. a5 Nxa5 27. Bxa5 bxa5 28. Rb6 Qa7 29. Re8+ Kh7 30. Reb8 Qc7 31. R8b7 Qc1+ 32. Kh2 Qf4+ 33. Kg1 Qc1+ 34. Kh2 Qf4+ 35. Kg1 Bf8 36. Rxa6 Qc1+ 37. Kh2 Bd6+ 38. Rxd6 Qf4+ 39. g3 Qxd6 40. Rxf7+ Kg8 41. Rf4 Qd5 42. Ng1 Qa2 43. Kg2 a4 44. Nf3 a3 45. Rd4 Qb3 46. Rd8+ Kf7 47. Rd7+ Ke8 48. Nd2 Qb5 49. Ra7 a2 50. Ne4 Qb2 51. Nf6+ Kd8 52. Ra8+ Kc7 53. Nd5+ Kb7 0-1

[Event "It (Men) Sarajevo BIH"]
[Site "?"]
[Date "2006.05.10"]
[Round "4.3"]
[White "Carlsen Magnus"]
[Black "Naiditsch Arkadij"]
[Result "1/2-1/2"]
[WhiteElo "2646"]
[BlackElo "2664"]
[PlyCount "92"]
[EventDate "2006.??.??"]
[Source "www.chesslib.no"]
[SourceDate "2004.05.04"]

1. Nf3 Nf6 2. c4 c5 3. Nc3 d5 4. cxd5 Nxd5 5. d4 cxd4 6. Qxd4 Nxc3 7. Qxc3 Nc6 8. e4 e6 9. Bb5 Qb6 10. a4 a6 11. Be3 Qc7 12. O-O Bd7 13. Be2 Qa5 14. Qxa5 Nxa5 15. Ne5 Bc6 16. b4 Bxb4 17. Rab1 Bc3 18. Nxc6 Nxc6 19. Rxb7 Bd4 20. Rc1 Nd8 21. Rbc7 Bxe3 22. fxe3 O-O 23. e5 f6 24. exf6 gxf6 25. a5 f5 26. h3 Rb8 27. Ra7 Rb3 28. Kf2 Nf7 29. Rcc7 Rb2 30. h4 Kg7 31. Rxa6 Rd8 32. Raa7 Rdd2 33. Rxf7+ Kg6 34. h5+ Kg5 35. Rg7+ Kh4 36. Kg1 Rxe2 37. Rab7 Rxg2+ 38. Rxg2 Rxb7 39. Ra2 Kxh5 40. a6 Ra7 41. Kf2 Kg4 42. Ra4+ Kg5 43. Kf3 e5 44. Ra5 Kf6 45. Kg3 Ke6 46. Kh4 Kf6 1/2-1/2

[Event "Rethymnon 88/20"]
[Site "?"]
[Date "2003.??.??"]
[Round "?"]
[White "Filippov, Va"]
[Black "Lautier, J."]
[Result "0-1"]
[WhiteElo "2630"]
[BlackElo "2677"]
[PlyCount "64"]
[EventDate "2003.??.??"]
[Source "Chess Informant"]
[SourceDate "2003.06.01"]

1. Nf3 c5 2. c4 Nf6 3. Nc3 d5 4. cxd5 Nxd5 5. d4 Nxc3 6. bxc3 g6 7. e3 Bg7 8. Bd3 O-O 9. O-O Qc7 10. Qe2 Rd8 11. Rd1 b6 12. Bb2 Nc6 13. Rac1 Bb7 14. e4 e6 15. Qe3 Rd7 16. h4 h6 17. Ba3 Rad8 18. h5 g5 19. e5 Ne7 20. Nxg5 Nd5 21. Qg3 hxg5 22. Qxg5 f5 23. h6 Kh8 24. c4 Bxe5 25. dxe5 Rg8 26. Qd2 Ne7 27. Kf1 Bxg2+ 28. Ke2 Nc6 29. Qe3 Rd4 30. f4 Be4 31. Qh3 Qd7 32. Bb2 Bxd3+ 0-1

[Event "Ubeda"]
[Site "?"]
[Date "1997.??.??"]
[Round "?"]
[White "Bareev, E."]
[Black "Lautier, J."]
[Result "1/2-1/2"]
[WhiteElo "2665"]
[BlackElo "2630"]
[PlyCount "47"]
[EventDate "1997.??.??"]
[Source "ChessBase"]
[SourceDate "1997.02.01"]

1. Nf3 Nf6 2. c4 c5 3. Nc3 d5 4. cxd5 Nxd5 5. d4 Nxc3 6. bxc3 g6 7. e3 Bg7 8. Be2 O-O 9. O-O b6 10. a4 Nc6 11. Ba3 Bf5 12. Nd2 Qc7 13. e4 Bd7 14. Nb3 Rad8 15. Qc2 Nb8 16. dxc5 Bxa4 17. cxb6 Qxb6 18. Bb4 Bxb3 19. Qxb3 Nc6 20. Ra6 Qb7 21. Qa4 Nxb4 22. Rxa7 Qxe4 23. Bf3 Qc2 24. cxb4 1/2-1/2

[Event "It"]
[Site "?"]
[Date "1997.??.??"]
[Round "4"]
[White "Bareev Evgeny"]
[Black "Lautier Joel"]
[Result "1/2-1/2"]
[WhiteElo "2665"]
[BlackElo "2630"]
[PlyCount "47"]
[EventDate "1997.??.??"]
[Source "www.chesslib.no"]
[SourceDate "2004.05.04"]

1. Nf3 c5 2. c4 Nf6 3. Nc3 d5 4. cxd5 Nxd5 5. d4 Nxc3 6. bxc3 g6 7. e3 Bg7 8. Be2 O-O 9. O-O b6 10. a4 Nc6 11. Ba3 Bf5 12. Nd2 Qc7 13. e4 Bd7 14. Nb3 Ne5 15. Qc2 h6 16. dxc5 Bxa4 17. cxb6 Rae8 18. Bb4 Bxb3 19. Qb1 Qxc3 20. Qa2 Ba4 21. Ba3 Qd2 22. b7 Qe1 23. Bd1 Nc4 24. Bf3 1/2-1/2

[Event "Buenos Aires"]
[Site "?"]
[Date "1993.??.??"]
[Round "?"]
[White "Illescas Cordoba, M."]
[Black "Kamsky, G."]
[Result "1/2-1/2"]
[WhiteElo "2615"]
[BlackElo "2655"]
[PlyCount "139"]
[EventDate "1993.??.??"]
[Source "ChessBase"]
[SourceDate "1993.02.01"]

1. Nf3 Nf6 2. c4 c5 3. Nc3 d5 4. cxd5 Nxd5 5. g3 Nc6 6. Bg2 Nc7 7. O-O e6 8. d3 Be7 9. Be3 O-O 10. d4 cxd4 11. Nxd4 Na5 12. Qa4 Nd5 13. Nxd5 exd5 14. Bd2 Nc4 15. Bc3 Be6 16. Nxe6 fxe6 17. b3 Nd6 18. Qg4 Nf5 19. e4 dxe4 20. Qxe4 Qb6 21. Qxb7 Rac8 22. Rac1 Ba3 23. Bb2 Rxc1 24. Bxc1 Bc5 25. Qxb6 axb6 26. Rd1 b5 27. a4 Nd4 28. Be3 Ne2+ 29. Kh1 Bxe3 30. fxe3 bxa4 31. bxa4 Nc3 32. Ra1 Rf7 33. a5 Ra7 34. a6 Kf7 35. Bb7 Nb5 36. Kg2 Ke7 37. Rc1 Kd6 38. Rc6+ Kd7 39. Rc8 Nc7 40. Rh8 h6 41. Rh7 Kd6 42. Kf3 Ke5 43. Rxg7 Nxa6 44. Rh7 Nc5 45. Be4 Rxh7 46. Bxh7 Nd7 47. g4 Kf6 48. h4 Nb6 49. Bd3 Nd5 50. Be4 Nb6 51. Kf4 e5+ 52. Kf3 Nc4 53. Bd5 Nd6 54. Bb3 Nb7 55. Ke2 Nd6 56. Kd3 Kg7 57. Bc2 h5 58. g5 Nf5 59. Ke4 Nxh4 60. Kxe5 Ng2 61. Ke4 h4 62. Bb1 h3 63. Kf3 Nh4+ 64. Kg3 h2 65. Be4 Nf5+ 66. Kf4 Nd6 67. Bh1 Kg6 68. Bg2 Nf7 69. Be4+ Kh5 70. Bf3+ 1/2-1/2

[Event "YUG-Cup"]
[Site "?"]
[Date "2000.??.??"]
[Round "3"]
[White "Beliavsky Alexander G"]
[Black "Sakaev Konstantin"]
[Result "1/2-1/2"]
[WhiteElo "2640"]
[BlackElo "2629"]
[PlyCount "39"]
[EventDate "2000.??.??"]
[Source "www.chesslib.no"]
[SourceDate "2004.05.04"]

1. Nf3 Nf6 2. c4 c5 3. Nc3 d5 4. cxd5 Nxd5 5. d4 Nxc3 6. bxc3 g6 7. e3 Bg7 8. Be2 O-O 9. O-O b6 10. a4 Bb7 11. a5 Qc7 12. Qb3 e6 13. Bb2 Nd7 14. a6 Bc6 15. c4 cxd4 16. exd4 Rac8 17. Rfd1 Rfd8 18. Qa3 Ba8 19. Qe3 Re8 20. Bf1 1/2-1/2

[Event "ETCC"]
[Site "Crete GRE"]
[Date "2007.10.28"]
[Round "1"]
[White "Pelletier, Y."]
[Black "Sutovsky, E."]
[Result "1/2-1/2"]
[WhiteElo "2609"]
[BlackElo "2655"]
[PlyCount "53"]
[EventDate "2007.10.28"]
[Source "www.chesslib.no"]
[SourceDate "2004.05.04"]

1. Nf3 Nf6 2. c4 c5 3. Nc3 d5 4. cxd5 Nxd5 5. e4 Nb4 6. Bc4 Nd3+ 7. Ke2 Nxc1+ 8. Rxc1 Nc6 9. Bb5 Bg4 10. Qa4 Qd7 11. Rhd1 e5 12. Nd5 Bxf3+ 13. Kxf3 Rb8 14. b3 Bd6 15. Bxc6 bxc6 16. Ne3 O-O 17. Rc4 Be7 18. Ke2 Bg5 19. h3 Rb5 20. Qa3 a5 21. Qc1 Rd8 22. Qc3 Bxe3 23. Qxe3 Qe7 24. Rdc1 Rd4 25. a4 Rb4 26. Rxb4 cxb4 27. d3 1/2-1/2

[Event "SWE-chT 9899"]
[Site "?"]
[Date "1999.??.??"]
[Round "9"]
[White "Akesson Ralf"]
[Black "Hellers Ferdinand"]
[Result "1/2-1/2"]
[WhiteElo "2584"]
[BlackElo "2677"]
[PlyCount "77"]
[EventDate "1999.??.??"]
[Source "www.chesslib.no"]
[SourceDate "2004.05.04"]

1. Nf3 Nf6 2. c4 c5 3. Nc3 d5 4. cxd5 Nxd5 5. d4 Nxc3 6. bxc3 g6 7. e3 Bg7 8. Bb5+ Nd7 9. a4 O-O 10. O-O b6 11. Qe2 Bb7 12. e4 a6 13. Bd3 cxd4 14. cxd4 Nc5 15. Bc2 Bxd4 16. Nxd4 Qxd4 17. Be3 Qf6 18. a5 Rfc8 19. axb6 Qxb6 20. Rfb1 Qc7 21. Bxc5 Qxc5 22. Rxb7 Qxc2 23. Qxc2 Rxc2 24. Rxe7 Rb8 25. g3 Rbb2 26. Rf1 a5 27. Ra7 Ra2 28. Kg2 a4 29. e5 Re2 30. Ra5 h5 31. h3 Kf8 32. g4 h4 33. Kf3 g5 34. Rxa4 Rxf2+ 35. Rxf2 Rxa4 36. Ke3 Kg7 37. Rf5 Kg6 38. Rf6+ Kg7 39. Rf5 1/2-1/2

[Event "Bundesliga 9900"]
[Site "Germany"]
[Date "2000.01.30"]
[Round "9"]
[White "Schlosser, Philipp"]
[Black "Shirov, Alexei"]
[Result "1-0"]
[WhiteElo "2505"]
[BlackElo "2751"]
[PlyCount "113"]
[EventDate "1999.10.??"]
[Source "ChessBase"]
[SourceDate "2000.03.10"]

1. Nf3 Nf6 2. c4 c5 3. Nc3 d5 4. cxd5 Nxd5 5. d4 Nxc3 6. bxc3 g6 7. e3 Bg7 8. Bb5+ Bd7 9. Bd3 O-O 10. O-O Bc6 11. Rb1 Nd7 12. e4 e6 13. Qe2 Rc8 14. Be3 Qa5 15. Nd2 cxd4 16. cxd4 Nb6 17. Nb3 Qh5 18. Qxh5 gxh5 19. Na5 Rfd8 20. Rb4 Bf8 21. Nxc6 Rxc6 22. Rb3 Rdc8 23. Rfb1 Rc3 24. Kf1 Be7 25. Bd2 R3c7 26. Ke2 Rd7 27. Be3 h4 28. Kf3 Rcc7 29. Bb5 Rd8 30. a4 Nc8 31. Bd3 b6 32. Rd1 Nd6 33. Ba6 f5 34. e5 Nf7 35. Ke2 Rc2+ 36. Ke1 Ng5 37. Bd3 Ra2 38. f4 Ne4 39. Bc4 Kf7 40. d5 exd5 41. Rxd5 Rxd5 42. Bxd5+ Kg6 43. Rxb6+ axb6 44. Bxa2 Nc5 45. Bd5 Nxa4 46. Bc6 Nc5 47. Be8+ Kg7 48. Ke2 Ne6 49. Bd7 Kf7 50. Kd3 Bd8 51. Kc4 Be7 52. Kd5 Nc7+ 53. Kc6 Ne6 54. Kxb6 Ba3 55. Kc6 Ke7 56. Bc8 Kf7 57. Ba6 1-0

[Event "9. Round-4"]
[Site "9th Lone Pine Round-4"]
[Date "1979.??.??"]
[Round "?"]
[White "Korchnoi, Viktor L"]
[Black "Gilgoric, Svetozar"]
[Result "1-0"]
[WhiteElo "2695"]
[BlackElo "2560"]
[PlyCount "151"]
[EventDate "1979.??.??"]
[Source "www.chesslib.no"]
[SourceDate "2004.05.04"]

1. c4 Nf6 2. Nc3 c5 3. Nf3 d5 4. cxd5 Nxd5 5. e4 Nxc3 6. bxc3 g6 7. Bb5+ Bd7 8. Bc4 b5 9. Bd5 Nc6 10. a4 b4 11. Qb3 e6 12. Bxc6 Bxc6 13. cxb4 Bg7 14. Bb2 Bxb2 15. Qxb2 O-O 16. Qc2 f5 17. Qxc5 Bxe4 18. Qe3 Qd6 19. b5 a6 20. b6 Bxf3 21. gxf3 f4 22. Qe4 Qxb6 23. O-O Qd6 24. Rfe1 Rfe8 25. Rac1 Qd5 26. Rc6 a5 27. Qxd5 exd5 28. Rxe8+ Rxe8 29. Kf1 Rb8 30. Rc5 d4 31. Rb5 Re8 32. Rd5 Rb8 33. Rxd4 Rb1+ 34. Ke2 Rh1 35. Rxf4 Rxh2 36. Re4 Rh5 37. f4 Rh3 38. Re5 Kf7 39. Rxa5 h5 40. d3 Rh1 41. Rg5 Kf6 42. a5 Ra1 43. Re5 Ra4 44. Ke3 h4 45. Rg5 Ra3 46. Rg4 Rxa5 47. Rxh4 Ra8 48. Rg4 Re8+ 49. Kd2 Rh8 50. Rg5 Rh3 51. Ke2 Rh4 52. Ke3 Rh3+ 53. f3 Rh1 54. Re5 Re1+ 55. Kd2 Rf1 56. Ke2 Ra1 57. d4 Ra3 58. d5 Rc3 59. d6 Rc8 60. Ke3 Rd8 61. Rd5 Ke6 62. Ke4 Kd7 63. f5 Re8+ 64. Re5 gxf5+ 65. Kd5 Ra8 66. Re7+ Kd8 67. Rf7 Ra5+ 68. Ke6 Ra1 69. Kxf5 Rd1 70. d7 Rf1 71. f4 Rf2 72. Ke5 Re2+ 73. Kf6 Rf2 74. f5 Ra2 75. Rg7 Ra6+ 76. Kg5 1-0

[Event "TV"]
[Site "Cologne TV"]
[Date "1985.??.??"]
[Round "?"]
[White "Huebner, Robert"]
[Black "Timman, Jan Hein"]
[Result "0-1"]
[WhiteElo "2605"]
[BlackElo "2650"]
[PlyCount "114"]
[EventDate "1985.??.??"]
[Source "www.chesslib.no"]
[SourceDate "2004.05.04"]

1. c4 c5 2. Nf3 Nf6 3. Nc3 d5 4. cxd5 Nxd5 5. e4 Nb4 6. Bb5+ N8c6 7. d4 cxd4 8. a3 dxc3 9. Qxd8+ Kxd8 10. axb4 cxb2 11. Bxb2 e6 12. O-O f6 13. e5 f5 14. Ng5 Ke7 15. Bxc6 bxc6 16. Bd4 Ke8 17. Bc5 Bxc5 18. bxc5 Ke7 19. Rfd1 a5 20. h4 Bd7 21. Ra3 a4 22. Rd4 Ra5 23. Rc4 h6 24. Nf3 Rha8 25. Nd4 g5 26. hxg5 hxg5 27. f3 Kd8 28. Ne2 Rb5 29. Nc3 Raa5 30. Nxa4 Kc7 31. Rd3 Bc8 32. Rd6 Rb1+ 33. Kh2 Re1 34. f4 gxf4 35. Nb6 Rxe5 36. Nxc8 Raxc5 37. Rxe6 Rxc4 38. Rxe5 Kxc8 39. Rxf5 Kd7 40. g3 Rc2+ 41. Kh3 fxg3 42. Kxg3 Ke6 43. Rh5 Kd6 44. Kf3 Rc5 45. Rh6+ Kd5 46. Ke3 Kc4 47. Kd2 Kb3 48. Rd6 Kb2 49. Kd1 Rc1+ 50. Kd2 Rc2+ 51. Kd1 Rc3 52. Kd2 c5 53. Rd5 Rc4 54. Kd1 Rc2 55. Rh5 c4 56. Rb5+ Kc3 57. Rh5 Rg2 0-1

[Event "Tilburg NED"]
[Site "Tilburg NED"]
[Date "1986.??.??"]
[Round "?"]
[White "Korchnoi, Viktor L"]
[Black "Miles, Anthony J"]
[Result "1-0"]
[WhiteElo "2635"]
[BlackElo "2610"]
[PlyCount "89"]
[EventDate "1986.??.??"]
[Source "www.chesslib.no"]
[SourceDate "2004.05.04"]

1. Nf3 c5 2. c4 Nf6 3. Nc3 d5 4. cxd5 Nxd5 5. g3 g6 6. Qb3 Nb4 7. Ne4 Bg7 8. Nxc5 Qa5 9. Qc4 Bf5 10. e4 Bg4 11. h3 N8a6 12. hxg4 Qxc5 13. Qxc5 Nxc5 14. Bb5+ Kf8 15. Ke2 Nxe4 16. d4 Rc8 17. Ba4 Nd3 18. Rf1 Nb4 19. Be3 e6 20. a3 Nd5 21. Kd3 Nb6 22. Bb3 Nf6 23. Ne5 Ke7 24. Bd2 Nfd5 25. Rac1 h5 26. a4 Bxe5 27. dxe5 hxg4 28. a5 Nd7 29. Bg5+ f6 30. exf6+ N5xf6 31. Rc7 Kd6 32. Bxf6 Nxf6 33. Rxb7 Nd7 34. Ke3 Rhf8 35. Bd1 Rf5 36. Rxa7 Rb5 37. Ra6+ Ke7 38. b3 Re5+ 39. Kd2 Rd5+ 40. Ke1 Nc5 41. Ra7+ Kd6 42. Bxg4 Nxb3 43. Ra6+ Ke7 44. Rxe6+ Kf7 45. Re2 1-0

[Event "Corr"]
[Site "?"]
[Date "1998.03.01"]
[Round "?"]
[White "Elwert Hans-Marcus (GER)"]
[Black "Trapl Jindrich"]
[Result "1-0"]
[WhiteElo "2681"]
[BlackElo "2556"]
[PlyCount "47"]
[EventDate "1998.??.??"]
[Source "www.chesslib.no"]
[SourceDate "2004.05.04"]

1. Nf3 c5 2. c4 Nf6 3. Nc3 d5 4. cxd5 Nxd5 5. e4 Nb4 6. Bc4 Be6 7. Bxe6 Nd3+ 8. Kf1 fxe6 9. Ng5 Qb6 10. Qf3 c4 11. b3 h6 12. bxc4 Ne5 13. Qh3 hxg5 14. Qxh8 Nbc6 15. Qh5+ g6 16. Qxg5 O-O-O 17. g3 Bg7 18. Rb1 Qd4 19. Kg2 Bf6 20. Qe3 Qxc4 21. f4 Rd3 22. Qe2 Nd4 23. Qf1 Nef3 24. Rb4 1-0